Normal view
MARC view
Entry Topical Term
001 - CONTROL NUMBER
- control field: 7987
003 - CONTROL NUMBER IDENTIFIER
- control field: BD-DhEWU
005 - DATE AND TIME OF LATEST TRANSACTION
- control field: 20140511093920.0
008 - FIXED-LENGTH DATA ELEMENTS
- fixed length control field: 140511|| aca||aabn | a|a d
040 ## - CATALOGING SOURCE
- Original cataloging agency: BD-DhEWU
- Transcribing agency: BD-DhEWU
150 ## - HEADING--TOPICAL TERM
- Topical term or geographic name as entry element: Competition, International.
670 ## - SOURCE DATA FOUND
- Source citation: Work cat.: (BD-DhEWU)2506: Ezeala-Harrison, Fidelis. 7986, Theory and policy of international competitiveness /, 1999.